Reading with Meaning: Teaching Comprehension in the Primary Grades (Record no. 48993)
| 000 -LEADER | |
|---|---|
| fixed length control field | 00388nam a22001217a 4500 |
| 008 - FIXED-LENGTH DATA ELEMENTS--GENERAL INFORMATION | |
| fixed length control field | 250701b |||||||| |||| 00| 0 eng d |
| 020 ## - INTERNATIONAL STANDARD BOOK NUMBER | |
| International Standard Book Number | 9781571103079 |
| 100 ## - MAIN ENTRY--PERSONAL NAME | |
| Personal name | Debbie Miller (Author) |
| 9 (RLIN) | 86371 |
| 245 ## - TITLE STATEMENT | |
| Title | Reading with Meaning: Teaching Comprehension in the Primary Grades |
| 260 ## - PUBLICATION, DISTRIBUTION, ETC. (IMPRINT) | |
| Place of publication, distribution, etc | Canada |
| Name of publisher, distributor, etc | Routledge |
| Date of publication, distribution, etc | 2002 |
| 300 ## - PHYSICAL DESCRIPTION | |
| Extent | 208 pages |
| Other physical details | col. ill. |
| Dimensions | 9.9 x 0.6 x 7.9 inches |
| 942 ## - ADDED ENTRY ELEMENTS (KOHA) | |
| Source of classification or shelving scheme | |
| Withdrawn status | Lost status | Source of classification or shelving scheme | Damaged status | Not for loan | Collection code | Home library | Current library | Date acquired | Total Checkouts | Full call number | Barcode | Date last seen | Price effective from | Koha item type |
|---|---|---|---|---|---|---|---|---|---|---|---|---|---|---|
| Non-Fiction | Asian Hope Siem Reap | Asian Hope Siem Reap | 07/01/2025 | NFIC DEB | 208232 | 07/01/2025 | 07/01/2025 | Book |